|
|
|
|
| LEADER |
01382nam a2200265 a 4500 |
| 001 |
GR-MES5178 |
| 008 |
991111s1997 gr 001 0 gre|c |
| 020 |
|
|
|a 9602093218
|
| 040 |
|
|
|a GrPaTEI
|b gre
|c GR-PaULI
|
| 100 |
1 |
|
|a Reisner, Trudi.
|
| 240 |
1 |
0 |
|a Easy Microsoft Office 97.
|l Ελληνικά
|
| 245 |
1 |
0 |
|a Ελληνικό Microsoft Office 97 εύκολα /
|c Trudi Reisner ; [μετάφραση Αριστογείτων Γρηγοριάδης].
|
| 260 |
|
|
|a Αθήνα :
|b Κλειδάριθμος,
|c c1997.
|
| 300 |
|
|
|a vi, 309 σ. :
|b εικ. ;
|c 24 εκ.
|
| 500 |
|
|
|a Μετάφραση του: Easy Microsoft Office 97.
|
| 500 |
|
|
|a Περιλαμβάνει ευρετήριο.
|
| 630 |
0 |
0 |
|a Microsoft Office.
|
| 650 |
|
0 |
|a Integrated software.
|
| 650 |
|
4 |
|a Ολοκληρωμένο λογισμικό.
|
| 700 |
1 |
|
|a Γρηγοριάδης, Αριστογείτων
|e μεταφραστής.
|
| 942 |
|
|
|2 ddc
|
| 952 |
|
|
|0 0
|1 0
|2 ddc
|4 0
|6 005_300000000000000_REI
|7 0
|9 275745
|a MSLG
|b MSLG
|c BSC
|d 2021-01-17
|e 24
|f 0
|g 0.00
|l 0
|o 005.3 REI
|p 2420000015296
|r 2021-01-17 00:00:00
|t 1
|w 2021-01-17
|y BK15
|x 20001201 0 1
|x GrPaTEI
|
| 952 |
|
|
|0 0
|1 0
|2 ddc
|4 0
|6 005_300000000000000_REI
|7 0
|9 275746
|a MSLG
|b MSLG
|c BSC
|d 2021-01-17
|e 24
|f 0
|g 0.00
|l 0
|o 005.3 REI
|p 2420000015297
|r 2021-01-17 00:00:00
|t 1
|w 2021-01-17
|y BK15
|x 19991111 0 1
|x GrPaTEI
|
| 971 |
|
|
|a .b25836456
|b 15-04-20
|c 14-09-16
|
| 999 |
|
|
|c 159811
|d 159811
|